<?xml version="1.0" encoding="UTF-8"?>
<record
    xmlns:xsi="http://www.w3.org/2001/XMLSchema-instance"
    xsi:schemaLocation="http://www.loc.gov/MARC21/slim http://www.loc.gov/standards/marcxml/schema/MARC21slim.xsd"
    xmlns="http://www.loc.gov/MARC21/slim">

  <leader>00910nam a22002657a 4500</leader>
  <datafield tag="952" ind1=" " ind2=" ">
    <subfield code="a">0002</subfield>
    <subfield code="b">0002</subfield>
    <subfield code="d">2021-08-03</subfield>
    <subfield code="l">0</subfield>
    <subfield code="o">327.1 A72 1992</subfield>
    <subfield code="p">P00817</subfield>
    <subfield code="r">2021-08-03 00:00:00</subfield>
    <subfield code="t">c.1</subfield>
    <subfield code="w">2021-08-03</subfield>
    <subfield code="x">Emin De&#x11F;er Ba&#x11F;&#x131;&#x15F;&#x131;d&#x131;r.</subfield>
    <subfield code="y">BKS</subfield>
  </datafield>
  <datafield tag="952" ind1=" " ind2=" ">
    <subfield code="a">0002</subfield>
    <subfield code="b">0002</subfield>
    <subfield code="d">2021-08-03</subfield>
    <subfield code="l">0</subfield>
    <subfield code="o">327.1 A72 1992</subfield>
    <subfield code="p">P00818</subfield>
    <subfield code="r">2021-08-03 00:00:00</subfield>
    <subfield code="t">c.2</subfield>
    <subfield code="w">2021-08-03</subfield>
    <subfield code="x">Emin De&#x11F;er Ba&#x11F;&#x131;&#x15F;&#x131;d&#x131;r.</subfield>
    <subfield code="y">BKS</subfield>
  </datafield>
  <datafield tag="952" ind1=" " ind2=" ">
    <subfield code="a">0002</subfield>
    <subfield code="b">0002</subfield>
    <subfield code="d">2021-11-05</subfield>
    <subfield code="l">0</subfield>
    <subfield code="o">327.1 A72 1994</subfield>
    <subfield code="p">P00907</subfield>
    <subfield code="r">2021-11-05 00:00:00</subfield>
    <subfield code="t">c.1</subfield>
    <subfield code="w">2021-11-05</subfield>
    <subfield code="x">Emin De&#x11F;er Ba&#x11F;&#x131;&#x15F;&#x131;d&#x131;r.</subfield>
    <subfield code="y">BKS</subfield>
  </datafield>
  <datafield tag="952" ind1=" " ind2=" ">
    <subfield code="a">0002</subfield>
    <subfield code="b">0002</subfield>
    <subfield code="d">2021-11-05</subfield>
    <subfield code="l">0</subfield>
    <subfield code="o">327.1 A72 1994</subfield>
    <subfield code="p">P00908</subfield>
    <subfield code="r">2021-11-05 00:00:00</subfield>
    <subfield code="t">c.2</subfield>
    <subfield code="w">2021-11-05</subfield>
    <subfield code="x">Emin De&#x11F;er Ba&#x11F;&#x131;&#x15F;&#x131;d&#x131;r.</subfield>
    <subfield code="y">BKS</subfield>
  </datafield>
  <datafield tag="999" ind1=" " ind2=" ">
    <subfield code="c">14460</subfield>
    <subfield code="d">14460</subfield>
  </datafield>
  <controlfield tag="003">MIRAKIL</controlfield>
  <controlfield tag="005">20210803114909.0</controlfield>
  <controlfield tag="008">210803b        tu ||||| |||| 00| 0 tur d</controlfield>
  <datafield tag="020" ind1=" " ind2=" ">
    <subfield code="a">9751710995 (tk.)</subfield>
  </datafield>
  <datafield tag="020" ind1=" " ind2=" ">
    <subfield code="a">9751711002 (c.1)</subfield>
  </datafield>
  <datafield tag="020" ind1=" " ind2=" ">
    <subfield code="a">9751711010 (c.2)</subfield>
  </datafield>
  <datafield tag="040" ind1=" " ind2=" ">
    <subfield code="a">TR-AnCHP</subfield>
    <subfield code="b">tur</subfield>
    <subfield code="c">TR-AnCHP</subfield>
  </datafield>
  <datafield tag="082" ind1=" " ind2=" ">
    <subfield code="a">327.1</subfield>
    <subfield code="b">A72 1992</subfield>
  </datafield>
  <datafield tag="245" ind1=" " ind2=" ">
    <subfield code="a">Atat&#xFC;rk'&#xFC;n milli d&#x131;&#x15F; politikas&#x131;:</subfield>
    <subfield code="b">(Milli m&#xFC;cadele d&#xF6;nemine ait 100 belge 1919-1923)/</subfield>
  </datafield>
  <datafield tag="246" ind1=" " ind2=" ">
    <subfield code="a">Milli m&#xFC;cadele d&#xF6;nemine ait 100 belge 1919-1923</subfield>
  </datafield>
  <datafield tag="260" ind1=" " ind2=" ">
    <subfield code="a">Ankara:</subfield>
    <subfield code="b">K&#xFC;lt&#xFC;r Bakanl&#x131;&#x11F;&#x131;,</subfield>
    <subfield code="c">1992.</subfield>
  </datafield>
  <datafield tag="300" ind1=" " ind2=" ">
    <subfield code="a">2 c.:</subfield>
    <subfield code="c">23 sm.</subfield>
  </datafield>
  <datafield tag="490" ind1=" " ind2=" ">
    <subfield code="a">Atat&#xFC;rk dizisi;</subfield>
    <subfield code="v">34.</subfield>
  </datafield>
  <datafield tag="490" ind1=" " ind2=" ">
    <subfield code="a">K&#xFC;lt&#xFC;r Bakanl&#x131;&#x11F;&#x131; yay&#x131;nlar&#x131;;</subfield>
    <subfield code="v">392.</subfield>
  </datafield>
  <datafield tag="600" ind1=" " ind2=" ">
    <subfield code="a">Atat&#xFC;rk, Mustafa Kemal</subfield>
    <subfield code="d">1881-1938</subfield>
    <subfield code="x">D&#x131;&#x15F; politika</subfield>
  </datafield>
  <datafield tag="650" ind1=" " ind2=" ">
    <subfield code="a">Kurtulu&#x15F; Sava&#x15F;&#x131;</subfield>
    <subfield code="x">D&#x131;&#x15F; politika</subfield>
    <subfield code="x">1919-1923</subfield>
  </datafield>
  <datafield tag="650" ind1=" " ind2=" ">
    <subfield code="a">T&#xFC;rkiye</subfield>
    <subfield code="v">D&#x131;&#x15F; politika</subfield>
    <subfield code="v">1919-1923</subfield>
  </datafield>
  <datafield tag="942" ind1=" " ind2=" ">
    <subfield code="2">ddc</subfield>
    <subfield code="c">BKS</subfield>
  </datafield>
  <datafield tag="999" ind1=" " ind2=" ">
    <subfield code="d">14460</subfield>
  </datafield>
</record>
